| 000 | 00500nam a22001937a 4500 | ||
|---|---|---|---|
| 005 | 20200227154849.0 | ||
| 008 | 200227b xxu||||| |||| 00| 0 eng d | ||
| 020 |
_a9780241364901 _cRs 799 |
||
| 040 | _beng | ||
| 041 | _aEnglish | ||
| 082 |
_aF _bEVA |
||
| 100 | _aEvaristo, Bernardine | ||
| 245 |
_aGirl, woman, other _cBernardine Evaristo |
||
| 260 |
_aLondon _bPenguin Random House _c2019 |
||
| 300 |
_a452p _b25 cm |
||
| 650 |
_aFictioin in English _zNigeria |
||
| 850 | _aLCLIB | ||
| 942 | _cBK | ||
| 999 |
_c42583 _d93062 |
||